书目信息 |
| 题名: |
电子线路及微机实验
|
|
| 作者: | 杨遇春 主编 | |
| 分册: | ||
| 出版信息: | 合肥 中国科学技术大学出版社 1992.09 |
|
| 页数: | 295页 | |
| 开本: | 16开 | |
| 丛书名: | ||
| 单 册: | ||
| 中图分类: | TN4:TP3 | |
| 科图分类: | ||
| 主题词: | 微电子技术 , 集成电路 | |
| 电子资源: | ||
| ISBN: | 7-312-00368-0 | |
| 000 | 00597nam0 2200205 45 | |
| 001 | 0008081750 | |
| 005 | 20000808173612.5 | |
| 010 | @a7-312-00368-0@d9.10元 | |
| 100 | @a20000808d1992 km y0chiy0120 ea | |
| 101 | 0 | @achi |
| 105 | @a z 000yy | |
| 200 | 1 | @a电子线路及微机实验@ADian Zi Xian Lu Ji Wei Ji Shi Yan@f杨遇春 主编@FYang Yu Chun Zhu Bian |
| 210 | @a合肥@c中国科学技术大学出版社@d1992.09 | |
| 215 | @a295页@d16开 | |
| 606 | 0 | @a微电子技术 |
| 606 | 0 | @a集成电路 |
| 690 | @aTN4:TP3@v3 | |
| 701 | 0 | @a杨遇春@4主编 |
| 801 | @aCN@bPftUser@c20000808 | |
| 905 | @b93350-352@dTN4:TP3@eY127@f3 | |
| 电子线路及微机实验/杨遇春 主编.-合肥:中国科学技术大学出版社,1992.09 |
| 295页;16开 |
| ISBN 7-312-00368-0:9.10元 |
| ● |
| 相关链接 |
|
|
|
正题名:电子线路及微机实验
索取号:TN4:TP3/Y127
 
预约/预借
| 序号 | 登录号 | 条形码 | 馆藏地/架位号 | 状态 | 备注 |
| 1 | 93350 | 200933507 | 自科二线504/504自科库 8排1列4层/ [索取号:TN4:TP3/Y127] | 在馆 | |
| 2 | 93351 | 200933516 | 自科二线504/504自科库 8排1列4层/ [索取号:TN4:TP3/Y127] | 在馆 | |
| 3 | 93352 | 200933525 | 自科二线504/504自科库 8排1列4层/ [索取号:TN4:TP3/Y127] | 在馆 |